00536cam a22001577a 4500008004000000082001800040100003500058245003900093260004500132300001000177440000800187650001600195700003000211999001900241952011800260180718b2006 xxu||||| |||| 00| 0 eng d aZ00x54 In2f/4 aNational commission on farmers aServing farmers and saving farming aNew DelhibMinistry of agriculturec2006 a449p. a4th aAgriculture aChairman: M.S.Swaminathan c503678d503678 00104070aIIPAbIIPAd2018-08-04l1oZ00x54 In2f/4pGG32629q2020-07-09r2019-05-07s2019-05-07w2018-08-04yGG